000 00778nam a2200265Ia 4500
003 OSt
005 20220927110712.0
006 a|||||r|||| 00| 0
007 ta
008 220926b |||||||| |||| 00| 0 eng d
024 _a69333
037 _cReports
040 _aRTL
_cRTL
_beng
041 _2eng
_aeng
082 _a"X79E.236.N37t, G9/GD"
110 _aPunjab. Resources And Retrenchment(committee)
_9379884
245 0 _aReport
260 _aLahore
_bGovt printing Pakistan
_c1939
300 _a502p.
_ccm.
500 _aAppendix: 388-503p.
650 _aState Finance
_9379885
700 _aPunjab. Resources And Retrenchment(committee)
_9379886
942 _h"X79E.236.N37t, G9/GD"
_cCC
999 _c697686
_d697686